Motionless in White - Scoring the End of the World - Statistics

General Stats
  • This quiz has been taken 74 times
  • The average score is 11 of 13
Answer Stats
Hint Answer % Correct
3 Werewolf
98%
5 Slaughterhouse (feat. Bryan Garris)
96%
2 Sign of Life
94%
6 Masterpiece
90%
13 Scoring the End of the World (feat. Mick Gordon)
90%
1 Meltdown
88%
4 Porcelain
88%
11 Cyberhex (feat. Lindsay Schoolcraft)
86%
10 B.F.B.T.G.: Corpse Nation
80%
7 Cause of Death
80%
12 Red, White & Boom (feat. Caleb Shomo)
76%
8 We Become the Night
76%
9 Burned at Both Ends II
70%
No matching quizzes found
Score Distribution
Percent of People with Each Score
Percentile by Number Answered
Your Score History
You have not taken this quiz